000 00339 a2200157 4500
001 152306
040 _cEscola São Tomás de Aquino
100 _aDUPRÉ, Maria José
240 1 0 _aÉramos seis
_lpor
245 1 0 _aÉramos seis
300 _a190
362 0 _a2005
440 1 _aÁtica
697 _a*LITERATURA JUVENIL
942 _cBK
999 _c152306
_d152306